[Event "German Masters Women 2018"]
[Site "Dresden"]
[Date "2018.08.11"]
[Round "8.1"]
[White "Kachiani-Gersinska, Ketino"]
[Black "Fuchs, Judith"]
[Result "1/2-1/2"]
[WhiteElo "2347"]
[BlackElo "2276"]
[Annotator "NA"]
[PlyCount "92"]
[EventDate "2018.08.04"]
[EventType "tourn"]
[EventCountry "GER"]
[SourceTitle "playchess.com"]
[Source "ChessBase"]
[SourceQuality "1"]
[TimeControl "40/5400+30:1800+30"]

1. Nf3 {[%emt 1:30:25]} Nf6 {[%emt 1:30:24]} 2. g3 {[%emt 1:30:50]} b5 {[%emt 1:30:40]} 3. Bg2 {[%emt 1:31:13]} Bb7 {[%emt 1:31:04]} 4. O-O {[%emt 1:31:11]} e6 {[%emt 1:31:02]} 5. d3 {[%emt 1:29:54]} Be7 {[%emt 1:26:53]} 6. e4 {[%emt 1:27:00]} d6 {[%emt 1:19:25]} 7. a4 {[%emt 1:24:53]} b4 {[%emt 1:18:44]} 8. a5 {[%emt 1:23:44]} Na6 {[%emt 1:16:15]} 9. Nbd2 {[%emt 1:21:08]} O-O {[%emt 1:13:52]} 10. Re1 {[%emt 1:19:37]} Nd7 {[%emt 1:11:10]} 11. h4 {[%emt 1:02:58]} c5 {[%emt 1:06:31]} 12. e5 {[%emt 0:53:17]} d5 {[%emt 1:05:02]} 13. Nf1 {[%emt 0:52:01]} Nab8 {[%emt 0:57:47]} 14. Bf4 {[%emt 0:42:34]} a6 {[%emt 0:51:28]} 15. c4 {[%emt 0:40:41]} bxc3 {[%emt 0:49:31]} 16. bxc3 {[%emt 0:41:04]} Nc6 {[%emt 0:49:35]} 17. Qa4 {[%emt 0:30:11]} Rb8 {[%emt 0:48:39]} 18. Reb1 {[%emt 0:23:21]} Qc7 {[%emt 0:46:08]} 19. Ne3 {[%emt 0:14:19]} Ba8 {[%emt 0:31:57]} 20. Rxb8 {[%emt 0:13:49]} Ndxb8 {[%emt 0:29:59]} 21. d4 {[%emt 0:12:32]} Na7 {[%emt 0:28:11]} 22. Bg5 {[%emt 0:09:13]} Nb5 {[%emt 0:25:40]} 23. Qc2 {[%emt 0:07:27]} h6 {[%emt 0:21:28]} 24. Bxe7 {[%emt 0:07:20]} Qxe7 {[%emt 0:21:54]} 25. Ng4 {[%emt 0:07:26]} Rc8 {[%emt 0:21:18]} 26. Qd2 {[%emt 0:07:43]} Nd7 {[%emt 0:19:35]} 27. Kh2 {[%emt 0:07:17]} Nf8 {[%emt 0:18:34]} 28. Bf1 {[%emt 0:06:06]} Bc6 {[%emt 0:17:08]} 29. Bd3 {[%emt 0:06:05]} Be8 {[%emt 0:10:23]} 30. h5 {[%emt 0:04:22]} Nh7 {[%emt 0:05:37]} 31. Kg2 {[%emt 0:03:51]} cxd4 {[%emt 0:02:39]} 32. cxd4 {[%emt 0:03:00]} f5 {[%emt 0:02:34]} 33. Ne3 {[%emt 0:01:33]} Bxh5 {[%emt 0:02:34]} 34. Bxb5 {[%emt 0:01:50]} Bxf3+ {[%emt 0:02:23]} 35. Kxf3 {[%emt 0:02:16]} Ng5+ {[%emt 0:02:44]} 36. Kg2 {[%emt 0:02:34]} axb5 {[%emt 0:03:07]} 37. a6 {[%emt 0:02:51]} Ra8 {[%emt 0:01:45]} 38. Qc2 {[%emt 0:01:54]} Qe8 {[%emt 0:01:42]} 39. f4 {[%emt 0:01:53]} Ne4 {[%emt 0:01:41]} 40. Qc7 {[%emt 0:01:35]} Qh5 {[%emt 0:00:46]} 41. Ra2 {[%emt 0:00:19]} Qg6 {[%emt 0:18:52]} 42. Nf1 {[%emt 0:24:23]} Qf7 {[%emt 2:10:18]} 43. Qb7 Ra7 44. Qxb5 h5 45. Z0 h4 46. gxh4 Nd2 {Kf3} 1/2-1/2

[Event "German Masters Women 2018"]
[Site "Dresden"]
[Date "2018.08.11"]
[Round "8.2"]
[White "Schleining, Zoya"]
[Black "Sieber, Fiona"]
[Result "0-1"]
[WhiteElo "2397"]
[BlackElo "2290"]
[Annotator "NA"]
[PlyCount "122"]
[EventDate "2018.08.04"]
[EventType "tourn"]
[EventCountry "GER"]
[SourceTitle "playchess.com"]
[Source "ChessBase"]
[SourceQuality "1"]
[TimeControl "40/5400+30:1800+30"]

1. Nf3 Nf6 {[%emt 1:30:24]} 2. c4 {[%emt 1:30:47]} e6 {[%emt 1:30:48]} 3. d4 {[%emt 1:31:06]} b6 {[%emt 1:31:08]} 4. g3 {[%emt 1:31:15]} Ba6 {[%emt 1:31:10]} 5. Qc2 {[%emt 1:31:01]} Bb7 {[%emt 1:31:18]} 6. Bg2 {[%emt 1:30:49]} c5 {[%emt 1:31:35]} 7. d5 {[%emt 1:27:09]} exd5 {[%emt 1:31:29]} 8. cxd5 {[%emt 1:27:03]} Nxd5 {[%emt 1:31:53]} 9. O-O {[%emt 1:27:20]} Be7 {[%emt 1:32:12]} 10. Rd1 {[%emt 1:27:32]} Nc6 {[%emt 1:32:27]} 11. Qa4 {[%emt 1:27:05]} Nf6 {[%emt 1:27:45]} 12. Nc3 {[%emt 1:22:09]} O-O {[%emt 1:24:19]} 13. Bg5 {[%emt 0:58:42]} Re8 {[%emt 0:53:33]} 14. Rd2 {[%emt 0:52:57]} h6 {[%emt 0:40:55]} 15. Bxf6 {[%emt 0:49:29]} Bxf6 {[%emt 0:41:20]} 16. Nd5 Nd4 {[%emt 0:38:34]} 17. Nxd4 {[%emt 0:42:01]} Bxd4 {[%emt 0:38:58]} 18. e3 {[%emt 0:40:59]} Bc6 {[%emt 0:37:51]} 19. Qc2 {[%emt 0:39:20]} Be5 {[%emt 0:36:26]} 20. Rad1 {[%emt 0:39:18]} Rc8 {[%emt 0:32:08]} 21. b3 {[%emt 0:32:07]} Bb8 {[%emt 0:31:16]} 22. h4 {[%emt 0:30:34]} Re6 {[%emt 0:19:51]} 23. Nc3 {[%emt 0:25:23]} Qf6 {[%emt 0:16:44]} 24. Bd5 {[%emt 0:21:06]} Ree8 {[%emt 0:14:05]} 25. Rd3 {[%emt 0:17:19]} Qg6 {[%emt 0:13:10]} 26. Qe2 {[%emt 0:16:46]} Be5 {[%emt 0:10:39]} 27. Qf3 {[%emt 0:14:29]} Qf6 {[%emt 0:09:34]} 28. Qxf6 {[%emt 0:12:11]} Bxf6 {[%emt 0:10:02]} 29. Nb1 {[%emt 0:10:25]} Red8 {[%emt 0:08:23]} 30. Kf1 {[%emt 0:10:03]} Kf8 {[%emt 0:08:29]} 31. Ke2 {[%emt 0:08:41]} Ke7 {[%emt 0:07:33]} 32. Nd2 {[%emt 0:07:09]} g6 {[%emt 0:06:29]} 33. Nc4 {[%emt 0:06:16]} h5 {[%emt 0:06:24]} 34. a4 {[%emt 0:05:19]} Rb8 {[%emt 0:05:23]} 35. Bxc6 {[%emt 0:01:54]} dxc6 {[%emt 0:05:52]} 36. Rxd8 {[%emt 0:02:04]} Rxd8 {[%emt 0:06:20]} 37. Rxd8 {[%emt 0:06:48]} Kxd8 {[%emt 0:06:48]} 38. a5 {[%emt 0:01:45]} Kc7 {[%emt 0:05:35]} 39. axb6+ {[%emt 0:01:56]} axb6 {[%emt 0:06:04]} 40. Kd3 {[%emt 0:01:53]} b5 {[%emt 0:04:15]} 41. Nd2 {[%emt 0:02:16]} Kd7 {[%emt 0:01:47]} 42. Ne4 {[%emt 0:00:08]} Be7 {[%emt 0:00:39]} 43. f4 {[%emt 0:22:18]} Ke6 {[%emt 0:28:09]} 44. Nf2 {[%emt 0:20:28]} f5 {[%emt 0:17:33]} 45. e4 {[%emt 0:20:09]} Bd8 {[%emt 0:17:24]} 46. Nh3 {[%emt 0:12:07]} c4+ {[%emt 0:14:07]} 47. bxc4 {[%emt 0:12:27]} bxc4+ {[%emt 0:12:42]} 48. Ke3 {[%emt 0:11:27]} Bb6+ {[%emt 0:12:20]} 49. Kf3 {[%emt 0:11:47]} c3 {[%emt 0:10:17]} 50. Ng5+ {[%emt 0:11:45]} Kf6 {[%emt 0:10:02]} 51. e5+ {[%emt 0:10:11]} Ke7 {[%emt 0:10:28]} 52. Ke2 {[%emt 0:10:14]} Bf2 {[%emt 0:10:19]} 53. Kd3 {[%emt 0:08:54]} c2 {[%emt 0:10:43]} 54. Kxc2 {[%emt 0:09:18]} Bxg3 {[%emt 0:11:09]} 55. Nh3 {[%emt 0:08:59]} Bxh4 {[%emt 0:11:20]} 56. Kd3 {[%emt 0:09:11]} Ke6 {[%emt 0:10:53]} 57. Kd4 {[%emt 0:09:06]} Be7 {[%emt 0:11:10]} 58. Kc4 {[%emt 0:06:23]} g5 {[%emt 0:09:50]} 59. fxg5 {[%emt 0:06:37]} Kxe5 {[%emt 0:10:14]} 60. g6 {[%emt 0:06:48]} Kf6 {[%emt 0:10:13]} 61. Nf4 {[%emt 0:06:58]} Bd6 {[%emt 0:10:16]} 0-1

[Event "German Masters Women 2018"]
[Site "Dresden"]
[Date "2018.08.11"]
[Round "8.3"]
[White "Hoolt, Sarah"]
[Black "Schneider, Jana"]
[Result "1-0"]
[WhiteElo "2357"]
[BlackElo "2179"]
[Annotator "NA"]
[PlyCount "79"]
[EventDate "2018.08.04"]
[EventType "tourn"]
[EventCountry "GER"]
[SourceTitle "playchess.com"]
[Source "ChessBase"]
[SourceQuality "1"]
[TimeControl "40/5400+30:1800+30"]

1. e4 {[%emt 1:30:27]} e6 {[%emt 1:30:22]} 2. d4 {[%emt 1:30:51]} d5 {[%emt 1:30:46]} 3. Nc3 {[%emt 1:31:14]} Nf6 {[%emt 1:31:08]} 4. e5 {[%emt 1:31:37]} Nfd7 {[%emt 1:31:32]} 5. f4 {[%emt 1:32:01]} c5 {[%emt 1:31:56]} 6. Nf3 {[%emt 1:32:26]} Nc6 {[%emt 1:32:17]} 7. Be3 {[%emt 1:32:49]} a6 {[%emt 1:32:39]} 8. Qd2 {[%emt 1:32:16]} b5 {[%emt 1:32:58]} 9. Bd3 {[%emt 1:32:24]} Qb6 {[%emt 1:30:52]} 10. dxc5 {[%emt 1:31:43]} Bxc5 {[%emt 1:31:04]} 11. Bf2 {[%emt 1:31:56]} h6 {[%emt 1:29:42]} 12. O-O {[%emt 1:24:52]} Bxf2+ {[%emt 1:21:11]} 13. Rxf2 {[%emt 1:21:48]} Nc5 {[%emt 1:20:11]} 14. Ne2 {[%emt 1:10:36]} Ne4 {[%emt 1:16:18]} 15. Bxe4 {[%emt 1:10:56]} dxe4 {[%emt 1:16:40]} 16. Nfd4 {[%emt 1:11:17]} Bb7 {[%emt 1:16:06]} 17. c3 {[%emt 1:04:13]} O-O {[%emt 1:14:05]} 18. Rd1 {[%emt 0:48:41]} Rfd8 {[%emt 1:00:59]} 19. Ng3 {[%emt 0:47:27]} Rd7 {[%emt 0:51:26]} 20. Qe3 {[%emt 0:38:06]} Rad8 {[%emt 0:48:53]} 21. Rfd2 {[%emt 0:36:37]} Na5 {[%emt 0:40:43]} 22. Nh5 {[%emt 0:33:59]} Kh8 {[%emt 0:37:06]} 23. Qg3 {[%emt 0:33:58]} Rg8 {[%emt 0:36:33]} 24. Qh3 {[%emt 0:26:50]} Rc7 {[%emt 0:26:06]} 25. Re2 {[%emt 0:22:32]} b4 {[%emt 0:24:07]} 26. Re3 {[%emt 0:21:54]} bxc3 {[%emt 0:20:06]} 27. bxc3 {[%emt 0:22:12]} Qc5 {[%emt 0:14:20]} 28. Rg3 {[%emt 0:20:22]} Qe7 {[%emt 0:10:58]} 29. Nf6 {[%emt 0:10:34]} Rd8 {[%emt 0:10:06]} 30. Qg4 {[%emt 0:10:01]} Qf8 {[%emt 0:09:48]} 31. Nh5 {[%emt 0:09:53]} g6 {[%emt 0:09:27]} 32. Nf6 {[%emt 0:10:02]} Nc6 {[%emt 0:07:57]} 33. Rh3 {[%emt 0:08:23]} Ne7 {[%emt 0:07:47]} 34. Qg5 {[%emt 0:06:01]} Nf5 {[%emt 0:07:13]} 35. Ng4 {[%emt 0:03:57]} Kh7 {[%emt 0:04:58]} 36. Nxh6 {[%emt 0:03:11]} Nxh6 {[%emt 0:05:20]} 37. Rxh6+ {[%emt 0:03:32]} Qxh6 {[%emt 0:05:45]} 38. Qxd8 {[%emt 0:03:59]} Rxc3 {[%emt 0:01:46]} 39. Nxe6 {[%emt 0:04:05]} Qh5 {[%emt 0:00:22]} 40. Ng5+ {[%emt 0:04:14]} 1-0

[Event "German Masters Women 2018"]
[Site "Dresden"]
[Date "2018.08.11"]
[Round "8.4"]
[White "Klek, Hanna Marie"]
[Black "Osmanodja, Filiz"]
[Result "1/2-1/2"]
[WhiteElo "2268"]
[BlackElo "2350"]
[Annotator "NA"]
[PlyCount "108"]
[EventDate "2018.08.04"]
[EventType "tourn"]
[EventCountry "GER"]
[SourceTitle "playchess.com"]
[Source "ChessBase"]
[SourceQuality "1"]
[TimeControl "40/5400+30:1800+30"]

1. d4 {[%emt 1:30:28]} Nf6 {[%emt 1:24:25]} 2. Nf3 {[%emt 1:30:52]} d5 {[%emt 1:23:35]} 3. e3 {[%emt 1:30:56]} e6 {[%emt 1:22:25]} 4. Bd3 {[%emt 1:31:20]} Bd6 {[%emt 1:22:44]} 5. O-O {[%emt 1:31:43]} O-O {[%emt 1:23:10]} 6. b3 {[%emt 1:32:04]} Ne4 {[%emt 1:20:01]} 7. c4 {[%emt 1:31:07]} c6 {[%emt 1:17:53]} 8. Qc2 {[%emt 1:23:19]} f5 {[%emt 1:17:13]} 9. Ba3 {[%emt 1:23:18]} Bxa3 {[%emt 1:12:16]} 10. Nxa3 {[%emt 1:23:41]} Qd6 {[%emt 1:05:03]} 11. Nb1 {[%emt 1:19:31]} Nd7 {[%emt 1:04:28]} 12. Nbd2 {[%emt 1:13:31]} Rf6 {[%emt 0:59:53]} 13. Rfd1 {[%emt 1:10:35]} Rh6 {[%emt 0:59:37]} 14. Nf1 {[%emt 1:10:48]} Qe7 {[%emt 0:45:09]} 15. a3 {[%emt 1:02:50]} g5 {[%emt 0:39:44]} 16. b4 {[%emt 1:01:43]} g4 {[%emt 0:39:32]} 17. Ne1 {[%emt 0:56:25]} a6 {[%emt 0:33:41]} 18. Rdc1 {[%emt 0:50:16]} Ndf6 {[%emt 0:28:49]} 19. Be2 {[%emt 0:48:02]} Bd7 {[%emt 0:26:14]} 20. Nd3 {[%emt 0:46:01]} Be8 {[%emt 0:25:14]} 21. a4 {[%emt 0:42:25]} Nd6 {[%emt 0:21:04]} 22. Nc5 {[%emt 0:32:19]} b6 {[%emt 0:15:33]} 23. Nb3 {[%emt 0:32:22]} dxc4 {[%emt 0:12:35]} 24. Bxc4 {[%emt 0:32:21]} Nxc4 {[%emt 0:12:15]} 25. Qxc4 {[%emt 0:32:41]} Nd5 {[%emt 0:12:40]} 26. a5 {[%emt 0:26:44]} b5 {[%emt 0:10:48]} 27. Qe2 {[%emt 0:26:05]} Nxb4 {[%emt 0:08:27]} 28. e4 {[%emt 0:26:23]} fxe4 {[%emt 0:02:22]} 29. Qxg4+ {[%emt 0:23:56]} Bg6 {[%emt 0:02:23]} 30. Nc5 {[%emt 0:23:38]} Nd3 {[%emt 0:01:49]} 31. Nxd3 {[%emt 0:23:36]} exd3 {[%emt 0:02:17]} 32. Rxc6 {[%emt 0:23:43]} Rh4 {[%emt 0:01:53]} 33. Qg3 {[%emt 0:15:32]} Rxd4 {[%emt 0:02:17]} 34. Nd2 {[%emt 0:14:24]} Qf6 {[%emt 0:01:20]} 35. Rd1 {[%emt 0:13:26]} Ra4 {[%emt 0:00:48]} 36. Re1 {[%emt 0:09:41]} Ra1 {[%emt 0:00:10]} 37. Qe3 {[%emt 0:08:23]} Rxe1+ {[%emt 0:00:13]} 38. Qxe1 {[%emt 0:08:52]} Bf5 {[%emt 0:00:13]} 39. h3 {[%emt 0:09:01]} h5 {[%emt 0:00:11]} 40. Qe3 {[%emt 0:08:26]} h4 {[%emt 0:00:11]} 41. Nf3 {[%emt 0:02:24]} Kh8 {[%emt 0:18:40]} 42. Kh2 {[%emt 0:30:11]} Kg8 {[%emt 0:12:45]} 43. Rd6 {[%emt 0:25:07]} b4 {[%emt 0:10:24]} 44. Rb6 {[%emt 0:21:46]} Qe7 {[%emt 0:08:20]} 45. Qf4 {[%emt 0:20:59]} Rd8 {[%emt 0:04:32]} 46. Rxb4 {[%emt 0:20:19]} Qd6 {[%emt 0:04:51]} 47. Ne5 {[%emt 0:19:03]} Qxb4 {[%emt 0:01:45]} 48. Qxb4 {[%emt 0:16:13]} d2 {[%emt 0:02:13]} 49. Qxh4 {[%emt 0:16:21]} d1=Q {[%emt 0:02:00]} 50. Qg5+ {[%emt 0:16:41]} Kh7 {[%emt 0:00:58]} 51. Qe7+ {[%emt 0:14:28]} Kg8 {[%emt 0:01:21]} 52. Qf7+ {[%emt 0:13:27]} Kh8 53. Qf6+ {[%emt 0:13:40]} Kg8 {[%emt 0:01:14]} 54. Qf7+ {[%emt 0:13:17]} Kh8 {[%emt 0:01:40]} 1/2-1/2

[Event "German Masters Women 2018"]
[Site "Dresden"]
[Date "2018.08.11"]
[Round "8.5"]
[White "Lubbe, Melanie"]
[Black "Heinemann, Josefine"]
[Result "1-0"]
[WhiteElo "2338"]
[BlackElo "2261"]
[Annotator "NA"]
[PlyCount "81"]
[EventDate "2018.08.04"]
[EventType "tourn"]
[EventCountry "GER"]
[SourceTitle "playchess.com"]
[Source "ChessBase"]
[SourceQuality "1"]
[TimeControl "40/5400+30:1800+30"]

1. e4 {[%emt 1:30:27]} e5 {[%emt 1:30:21]} 2. Nf3 {[%emt 1:30:52]} Nc6 {[%emt 1:30:47]} 3. Bc4 {[%emt 1:31:18]} Bc5 {[%emt 1:31:11]} 4. c3 {[%emt 1:31:38]} Nf6 {[%emt 1:31:24]} 5. d3 {[%emt 1:32:03]} a6 {[%emt 1:31:08]} 6. O-O {[%emt 1:32:12]} d6 {[%emt 1:31:20]} 7. a4 {[%emt 1:32:28]} h6 {[%emt 1:29:09]} 8. b4 {[%emt 1:30:19]} Bb6 {[%emt 1:28:11]} 9. Be3 {[%emt 1:24:05]} Bxe3 {[%emt 1:26:25]} 10. fxe3 {[%emt 1:24:31]} O-O {[%emt 1:25:34]} 11. Qe1 {[%emt 1:15:58]} d5 {[%emt 1:18:13]} 12. exd5 {[%emt 1:13:43]} Nxd5 {[%emt 1:18:38]} 13. Nbd2 {[%emt 1:02:55]} Nb6 {[%emt 1:13:21]} 14. b5 {[%emt 0:59:08]} Nxc4 {[%emt 1:11:13]} 15. dxc4 {[%emt 0:54:56]} Na5 {[%emt 1:08:40]} 16. Nxe5 {[%emt 0:50:32]} Be6 {[%emt 1:08:58]} 17. Rd1 {[%emt 0:42:21]} Qd6 {[%emt 1:05:14]} 18. Qg3 {[%emt 0:31:51]} Rad8 {[%emt 1:00:56]} 19. c5 {[%emt 0:29:00]} Qxc5 {[%emt 0:58:56]} 20. Ne4 {[%emt 0:28:40]} Qe7 {[%emt 0:57:05]} 21. Nf6+ {[%emt 0:18:56]} Kh8 {[%emt 0:57:26]} 22. Nh5 {[%emt 0:15:28]} Rg8 {[%emt 0:51:48]} 23. Nf4 {[%emt 0:11:49]} Bf5 {[%emt 0:48:06]} 24. Nd5 {[%emt 0:10:37]} Qe6 {[%emt 0:43:02]} 25. Nxc7 {[%emt 0:10:15]} Rxd1 {[%emt 0:42:53]} 26. Nxe6 {[%emt 0:09:51]} Rxf1+ {[%emt 0:43:20]} 27. Kxf1 {[%emt 0:10:19]} Bxe6 {[%emt 0:43:37]} 28. Qf4 {[%emt 0:08:25]} axb5 {[%emt 0:41:52]} 29. axb5 {[%emt 0:08:48]} Rc8 {[%emt 0:40:38]} 30. Qb4 {[%emt 0:05:04]} Nc4 {[%emt 0:40:21]} 31. Nxc4 {[%emt 0:05:22]} Rxc4 {[%emt 0:39:30]} 32. Qe7 {[%emt 0:05:07]} Rxc3 {[%emt 0:36:01]} 33. Qxb7 {[%emt 0:05:20]} Rxe3 {[%emt 0:34:29]} 34. b6 {[%emt 0:04:51]} Rc3 {[%emt 0:32:18]} 35. Qa8+ {[%emt 0:03:44]} Kh7 {[%emt 0:32:15]} 36. Qe4+ {[%emt 0:03:26]} g6 {[%emt 0:32:18]} 37. b7 {[%emt 0:03:05]} Rb3 {[%emt 0:30:53]} 38. Qc6 {[%emt 0:02:51]} Bc4+ {[%emt 0:30:46]} 39. Kf2 {[%emt 0:02:47]} Rb2+ {[%emt 0:30:54]} 40. Ke3 {[%emt 0:02:45]} Bf1 {[%emt 0:25:42]} 41. Qc7 {[%emt 0:01:37]} 1-0

[Event "German Masters Women 2018"]
[Site "Dresden"]
[Date "2018.08.12"]
[Round "9.2"]
[White "Osmanodja, Filiz"]
[Black "Lubbe, Melanie"]
[Result "1-0"]
[WhiteElo "2350"]
[BlackElo "2338"]
[Annotator "NA"]
[PlyCount "77"]
[EventDate "2018.08.04"]
[EventType "tourn"]
[EventCountry "GER"]
[SourceTitle "playchess.com"]
[Source "ChessBase"]
[SourceQuality "1"]
[TimeControl "40/5400+30:1800+30"]

1. e4 {[%emt 1:29:45]} c5 {[%emt 1:30:25]} 2. Nf3 {[%emt 1:30:09]} Nc6 {[%emt 1:30:45]} 3. d4 {[%emt 1:30:29]} cxd4 {[%emt 1:31:11]} 4. Nxd4 {[%emt 1:30:57]} g6 {[%emt 1:31:13]} 5. Nc3 {[%emt 1:31:25]} Bg7 {[%emt 1:31:38]} 6. Be3 {[%emt 1:31:52]} Nf6 {[%emt 1:31:12]} 7. Bc4 {[%emt 1:30:43]} O-O {[%emt 1:30:53]} 8. Bb3 {[%emt 1:30:43]} d6 {[%emt 1:31:02]} 9. f3 {[%emt 1:29:50]} Bd7 {[%emt 1:30:47]} 10. h4 {[%emt 1:28:27]} Nxd4 {[%emt 1:28:49]} 11. Bxd4 {[%emt 1:28:15]} b5 {[%emt 1:29:02]} 12. h5 {[%emt 1:25:14]} a5 {[%emt 1:26:42]} 13. hxg6 {[%emt 1:25:04]} hxg6 {[%emt 1:23:04]} 14. Nd5 {[%emt 1:24:58]} Nxd5 {[%emt 1:04:06]} 15. Bxd5 {[%emt 1:25:06]} Rc8 {[%emt 1:00:34]} 16. Bxg7 {[%emt 1:21:05]} Kxg7 {[%emt 1:00:58]} 17. Qd4+ {[%emt 1:21:16]} e5 {[%emt 0:49:22]} 18. Qd2 {[%emt 1:18:19]} Qc7 {[%emt 0:35:08]} 19. Qh6+ {[%emt 1:04:54]} Kf6 {[%emt 0:34:56]} 20. f4 {[%emt 0:54:47]} exf4 {[%emt 0:15:40]} 21. Qxf4+ {[%emt 0:45:30]} Kg7 {[%emt 0:14:35]} 22. Qh6+ {[%emt 0:43:14]} Kf6 {[%emt 0:15:04]} 23. Qh4+ {[%emt 0:39:00]} Kg7 {[%emt 0:15:11]} 24. Qh7+ {[%emt 0:37:20]} Kf6 {[%emt 0:15:38]} 25. O-O+ {[%emt 0:35:38]} Kg5 {[%emt 0:13:17]} 26. Bxf7 {[%emt 0:30:35]} Qa7+ {[%emt 0:10:14]} 27. Rf2 {[%emt 0:29:43]} Bf5 {[%emt 0:10:04]} 28. exf5 {[%emt 0:19:49]} Qxf7 {[%emt 0:10:30]} 29. Qh2 {[%emt 0:18:47]} gxf5 {[%emt 0:10:43]} 30. Qg3+ {[%emt 0:14:49]} Kh5 {[%emt 0:08:55]} 31. Rd1 {[%emt 0:08:14]} Rc4 {[%emt 0:06:33]} 32. Rxd6 {[%emt 0:07:55]} Rh4 {[%emt 0:05:32]} 33. Qf3+ {[%emt 0:06:51]} Rg4 {[%emt 0:04:42]} 34. Qh3+ {[%emt 0:03:50]} Rh4 {[%emt 0:05:06]} 35. g4+ {[%emt 0:03:53]} Kg5 {[%emt 0:04:04]} 36. Qe3+ {[%emt 0:03:32]} f4 {[%emt 0:04:23]} 37. Qe5+ {[%emt 0:03:49]} Kxg4 {[%emt 0:04:50]} 38. Rg2+ {[%emt 0:03:47]} Kh3 {[%emt 0:05:04]} 39. Rd3+ {[%emt 0:04:11]} 1-0

[Event "German Masters Women 2018"]
[Site "Dresden"]
[Date "2018.08.12"]
[Round "9.3"]
[White "Schneider, Jana"]
[Black "Klek, Hanna Marie"]
[Result "1/2-1/2"]
[WhiteElo "2179"]
[BlackElo "2268"]
[Annotator "RC"]
[PlyCount "111"]
[EventDate "2018.08.04"]
[EventType "tourn"]
[EventCountry "GER"]
[SourceTitle "playchess.com"]
[Source "ChessBase"]
[SourceQuality "1"]
[TimeControl "40/5400+30:1800+30"]

1. e4 {[%emt 1:30:26]} e5 {[%emt 1:30:23]} 2. Nf3 {[%emt 1:30:48]} Nc6 {[%emt 1:30:50]} 3. Bc4 {[%emt 1:31:10]} Bc5 {[%emt 1:31:17]} 4. d3 {[%emt 1:31:01]} Nf6 {[%emt 1:31:40]} 5. O-O {[%emt 1:31:10]} d6 {[%emt 1:32:02]} 6. c3 {[%emt 1:31:14]} a5 {[%emt 1:32:15]} 7. a4 {[%emt 1:29:56]} h6 {[%emt 1:32:22]} 8. Na3 {[%emt 1:27:36]} O-O {[%emt 1:32:36]} 9. Re1 {[%emt 1:22:34]} Ne7 {[%emt 1:20:35]} 10. Nc2 {[%emt 1:18:49]} Ng6 {[%emt 1:20:20]} 11. Be3 {[%emt 1:12:53]} Bxe3 {[%emt 1:18:27]} 12. Nxe3 {[%emt 1:12:12]} c6 {[%emt 1:12:39]} 13. Ba2 {[%emt 1:10:14]} Re8 {[%emt 1:02:01]} 14. Qc2 {[%emt 1:04:07]} Be6 {[%emt 0:47:57]} 15. Bxe6 {[%emt 1:03:43]} Rxe6 {[%emt 0:48:17]} 16. Rad1 {[%emt 1:01:57]} Qc7 {[%emt 0:44:38]} 17. g3 {[%emt 0:52:43]} Rd8 {[%emt 0:43:34]} 18. h4 {[%emt 0:52:03]} Nf8 {[%emt 0:33:36]} 19. Nd2 {[%emt 0:45:35]} d5 {[%emt 0:33:27]} 20. exd5 {[%emt 0:41:08]} Nxd5 {[%emt 0:32:16]} 21. Nf3 {[%emt 0:33:56]} Qe7 {[%emt 0:25:33]} 22. Nc4 {[%emt 0:30:20]} Ng6 {[%emt 0:21:57]} 23. h5 {[%emt 0:23:28]} Nf8 {[%emt 0:18:00]} 24. Ncxe5 {[%emt 0:19:49]} Nf6 {[%emt 0:10:16]} 25. d4 {[%emt 0:13:34]} Nxh5 {[%emt 0:09:44]} 26. c4 {[%emt 0:11:56]} Qc7 {[%emt 0:07:35]} 27. Kg2 {[%emt 0:05:48]} Ng6 {[%emt 0:05:50]} 28. Nd3 {[%emt 0:05:03]} Rxe1 {[%emt 0:05:53]} 29. Rxe1 {[%emt 0:05:28]} Nf6 {[%emt 0:05:55]} 30. Nc5 {[%emt 0:02:26]} Qc8 {[%emt 0:03:04]} 31. Ne4 {[%emt 0:01:22]} Ne8 {[%emt 0:03:20]} 32. Qc1 {[%emt 0:01:06]} Nd6 {[%emt 0:02:58]} 33. Nxd6 {[%emt 0:00:40]} Rxd6 {[%emt 0:00:36]} 34. Qe3 {[%emt 0:01:06]} Re6 35. Qd2 Rxe1 36. Qxe1 {Qd6 Qf4} Qd8 {[%emt 0:03:13]} 37. Qe4 {[%emt 0:01:13]} Ne7 {[%emt 0:00:50]} 38. Ne5 {[%emt 0:01:15]} Qd6 {[%emt 0:01:07]} 39. Nd3 {[%emt 0:00:49]} b6 {[%emt 0:01:11]} 40. Ne5 {[%emt 0:00:46]} f6 {[%emt 0:01:14]} 41. Ng4 {[%emt 0:24:09]} h5 {[%emt 0:26:46]} 42. Ne3 {[%emt 0:23:59]} g6 {[%emt 0:21:47]} 43. f4 {[%emt 0:17:03]} Kf7 {[%emt 0:21:07]} 44. b3 {[%emt 0:10:47]} Qb4 {[%emt 0:14:27]} 45. Qd3 {[%emt 0:08:06]} Qd6 {[%emt 0:12:59]} 46. Qe4 {[%emt 0:08:07]} Qb4 {[%emt 0:13:23]} 47. Qd3 {[%emt 0:08:34]} Qd6 {[%emt 0:13:49]} 48. Kf3 {[%emt 0:06:59]} Qe6 {[%emt 0:08:13]} 49. d5 {[%emt 0:06:35]} cxd5 {[%emt 0:08:14]} 50. cxd5 {[%emt 0:06:14]} Qd6 {[%emt 0:07:53]} 51. Ke2 {[%emt 0:05:40]} Kf8 {[%emt 0:05:09]} 52. Qd4 {[%emt 0:02:53]} Kf7 {[%emt 0:05:23]} 53. Qe4 {[%emt 0:02:08]} Qd7 {[%emt 0:05:28]} 54. Qf3 {[%emt 0:00:34]} Kg7 {[%emt 0:03:57]} 55. Qe4 {[%emt 0:00:30]} Kf7 {[%emt 0:04:22]} 56. Qd4 {[%emt 0:00:41]} 1/2-1/2